Taguchiho dvoj etapový algoritmus optimalizácie a Danielove diagramy

Na minha lista:
Detalhes bibliográficos
Autor principal: Terek, Milan
Outros Autores: Hrnčiarová, Ľubica
Formato: Capítulo de Livro
Idioma:eslovaco
Tags: Adicionar Tag
Sem tags, seja o primeiro a adicionar uma tag!

MARC

LEADER 00000naa$a2200000$$$4500
001 0089079
005 20240502072009.1
041 0 |a slo 
044 |a SK 
245 1 0 |a Taguchiho dvoj etapový algoritmus optimalizácie a Danielove diagramy  |c Milan Terek, Ľubica Hrnčiarová 
100 1 |a Terek, Milan 
700 1 |a Hrnčiarová, Ľubica